MARC details
| 000 -LEADER |
| campo de control de longitud fija |
02032nam a2200433 i 4500 |
| 001 - NÚMERO DE CONTROL |
| campo de control |
195730 |
| 003 - IDENTIFICADOR DE NÚMERO DE CONTROL |
| campo de control |
SpMaBN |
| 005 - FECHA Y HORA DE LA ÚLTIMA TRANSACCIÓN |
| campo de control |
20250928123436.0 |
| 008 - DATOS DE LONGITUD FIJA--INFORMACIÓN GENERAL |
| campo de control de longitud fija |
241215s2015 sp | |||| 001 0 spa |
| 017 ## - NÚMERO DE COPYRIGHT O DE DEPÓSITO LEGAL |
| Número de copyright o de depósito legal |
M 35078-2015 |
| Agencia que asigna |
Oficina Depósito Legal Madrid |
| 020 ## - NÚMERO INTERNACIONAL ESTÁNDAR DEL LIBRO |
| Número Internacional Estándar del Libro |
9788430967100 |
| 035 ## - NÚMERO DE CONTROL DEL SISTEMA |
| Número de control de sistema |
(OCoLC)937772649 |
| 035 ## - NÚMERO DE CONTROL DEL SISTEMA |
| Número de control de sistema |
a5738111 |
| 040 ## - FUENTE DE CATALOGACIÓN |
| Centro catalogador/agencia de origen |
SpMaBN |
| Lengua de catalogación |
spa |
| Centro/agencia transcriptor |
SpMaBN |
| Normas de descripción |
rdc |
| Centro/agencia modificador |
ES-MaACL |
| 080 ## - NÚMERO DE LA CLASIFICACIÓN DECIMAL UNIVERSAL |
| Número de la Clasificación Decimal Universal |
342.53.047(410) |
| 080 ## - NÚMERO DE LA CLASIFICACIÓN DECIMAL UNIVERSAL |
| Número de la Clasificación Decimal Universal |
342.4(410) |
| 100 ## - ENTRADA PRINCIPAL--NOMBRE DE PERSONA |
| Nombre de persona |
Park, John James, |
| Fechas asociadas al nombre |
1795-1833 |
| Número de control del registro de autoridad o número normalizado |
XX1380551 |
| 9 (RLIN) |
237401 |
| Término indicativo de función/relación |
Autor |
| 245 14 - MENCIÓN DEL TÍTULO |
| Título |
Los dogmas de la Constitución / |
| Mención de responsabilidad, etc. |
John James Park ; edición y estudio preliminar de Joaquín Varela Suanzes-Carpegna ; traducción del inglés y epílogo de Ignacio Fernández Sarasola |
| 260 ## - PUBLICACIÓN, DISTRIBUCIÓN, ETC. |
| Lugar de publicación, distribución, etc. |
Madrid : |
| Nombre del editor, distribuidor, etc. |
Tecnos, |
| Fecha de publicación, distribución, etc. |
D.L. 2015. |
| 300 ## - DESCRIPCIÓN FÍSICA |
| Extensión |
LXXXII, 229 p. : |
| Dimensiones |
20 cm. |
| 336 ## - TIPO DE CONTENIDO |
| Término de tipo de contenido |
Texto (visual) |
| Fuente |
isbdcontent |
| 337 ## - TIPO DE MEDIO |
| Nombre/término del tipo de medio |
sin mediación |
| Fuente |
isbdmedia |
| 338 ## - TIPO DE SOPORTE |
| Fuente |
rdacarrier |
| Nombre/término del tipo de soporte |
volumen |
| 490 1# - MENCIÓN DE SERIE |
| Mención de serie |
Clásicos del pensamiento ; |
| Designación de volumen o secuencia |
141. |
| 504 ## - NOTA DE BIBLIOGRAFÍA, ETC. |
| Nota de bibliografía, etc. |
Incluye referencias bibliográficas e índice. |
| 534 ## - NOTA SOBRE LA VERSIÓN ORIGINAL |
| Mención de título del original |
Traducción de: The dogmas of the Constitution. Four lectures, being the first, tenth, eleventh and thirteenth of a course on the theory and practice of the Constitution. |
| 594 ## - NOTA AL TITULO Y MENCION DE RESPONSABILIDAD |
| Nota al título y mención de responsabilidad |
Título original: The dogmas of the Constitution |
| 610 #0 - PUNTO DE ACCESO ADICIONAL DE MATERIA--NOMBRE DE ENTIDAD CORPORATIVA |
| Nombre de entidad corporativa o nombre de jurisdicción como elemento de entrada |
Gran Bretaña. |
| Unidad subordinada |
Parliament |
| Subdivisión general |
Reforma |
| 9 (RLIN) |
237402 |
| 650 #7 - PUNTO DE ACCESO ADICIONAL DE MATERIA--TÉRMINO DE MATERIA |
| Término de materia o nombre geográfico como elemento de entrada |
Derecho constitucional- |
| Subdivisión geográfica |
Gran Bretaña |
| 9 (RLIN) |
151893 |
| 700 ## - ENTRADA AGREGADA--NOMBRE PERSONAL |
| Nombre de persona |
Varela Suanzes-Carpegna, Joaquín, |
| Fechas asociadas al nombre |
1954-2018 |
| Término indicativo de función/relación |
Editor literario |
| 9 (RLIN) |
237403 |
| 700 1# - ENTRADA AGREGADA--NOMBRE PERSONAL |
| Nombre de persona |
Fernández Sarasola, Ignacio |
| 9 (RLIN) |
50084 |
| Término indicativo de función/relación |
Traductor |
| 830 ## - PUNTO DE ACCESO ADICIONAL DE SERIE-TÍTULO UNIFORME |
| Título uniforme |
Clásicos del pensamiento ; |
| Número de parte o sección de la obra |
141 |
| 9 (RLIN) |
239376 |
| 852 ## - LOCALIZACIÓN |
| Ubicación |
ES-MaACL |
| Ubicación en estantería |
Depósito J |
| Número de control de estantería |
N-8736 |
| Anotaciones manuscritas |
Contine anotaciones manuscritas de autor desconocido al principio de la obra |
| Donativo/Legado |
Donación: Editorial |
| Encuadernación |
Encuadernación rústica |
| itemnumber |
204490 |
| 942 ## - ELEMENTOS DE ENTRADA SECUNDARIOS (KOHA) |
| Tipo de ítem Koha |
Libro impreso |
| Suprimir en OPAC |
No |
| 954 ## - CATALOGADOR -ALTA REGISTRO |
| Estado de la copia |
Tatiana Alejandra de Castro Pérez |